000 01006cam a2200289 a 4500
001 507
005 20230511103012.0
008 011017r20001982nyua c 000 1 eng
020 _a0380709570
020 _a0590687301
040 _aDLC
_cDLC
_dDLC
_beng
050 0 0 _aPZ7.C5792
_bRaf 2000
082 0 0 _a813.54
_221
100 1 _aCleary, Beverly.
245 1 0 _aRalph S. Mouse /
_cBeverly Cleary ; illustrated by Paul O. Zelinsky.
250 _a1st Scholastic printing, September 1998.
260 _aNew York :
_bScholastic.
_c1998.
300 _a160 pages :
_billustrations. ;
_c21 cm.
505 _aQ
520 _aPresents the further adventures of a motorcycle-riding mouse who goes to school and becomes the instigator of an investigation of rodents and the peacemaker for two lonely boys.
521 _a860
_bLexile
521 _aQ
_bRaz-Plus
650 1 _aMice
_vFiction.
700 1 _aZelinsky, Paul O.,
_eill.
906 _a7
_bcbc
_corigcop
_d2
_encip
_f20
_gy-gencatlg
942 _2ddc
_cBK
_n0
999 _c507
_d507